00221nam a2200097Ia 4500008004100000041001200041100001500053245004200068260000600110650000700116221030s9999 xx 000 0 und d aEnglish aR. J. Best 0aMarket Based Mangementcby R. J. Best c0 aMb